God as political philosopher : (Record no. 173275)

MARC details
000 -LEADER
fixed length control field 00693nam a22002057a 4500
005 - DATE AND TIME OF LATEST TRANSACTION
control field 20200221120743.0
010 ## - LCCN (DPL NO)
LC control number ENG-127933
020 ## - INTERNATIONAL STANDARD BOOK NUMBER
International Standard Book Number 9789353282592
Terms of availability 495.00
035 ## - SYSTEM CONTROL NUMBER
System control number EN-111465
037 ## - SOURCE OF ACQUISITION
Source of stock number/acquisition DBAD/PUB
082 ## - DEWEY DECIMAL CLASSIFICATION NUMBER
Classification number 250
100 ## - MAIN ENTRY--PERSONAL NAME
Personal name Kancha, Ilaiah, K.
245 ## - TITLE STATEMENT
Title God as political philosopher :
Statement of responsibility, etc by Kancha Ilaiah Shepherd
Remainder of title Buddha's challenge to Brahminism/
250 ## - EDITION STATEMENT
Edition statement 2019
260 ## - PUBLICATION, DISTRIBUTION, ETC. (IMPRINT)
Place of publication, distribution, etc New Delhi
Name of publisher, distributor, etc Sage Publication India
Date of publication, distribution, etc 2019
270 ## - ADDRESS
Address B1/1-1 Mohan Cooperative Industrial Area Mathura Road
City New Delhi
Postal code 110044
300 ## - PHYSICAL DESCRIPTION
Extent ix;244p.
Dimensions 22cm(hb)
500 ## - GENERAL NOTE
General note includes bibliographical references and index<br/>
942 ## - ADDED ENTRY ELEMENTS (KOHA)
Source of classification or shelving scheme Dewey Decimal Classification
Item type English Books
Classification part 250
Call number suffix SHE
Holdings
Withdrawn status Lost status Not for loan Collection code Home library Current library Date acquired Source of acquisition Cost, normal purchase price Full call number Barcode Copy number Cost, replacement price Koha item type
      Non-fiction Central Library Central Library 21/02/2020 DBAD/PUB 495.00 250 SHE EN-111465 1 495.00 English Books

© Delhi Public Library
Hit Counter
free hit counter